[Event "Rheinland-ch H1"]
[Site "Mainz Laubenheim"]
[Date "2002.03.29"]
[Round "6.11"]
[White "Hipler, Andreas"]
[Black "Schilling, Christian"]
[Result "0-1"]
[WhiteElo "1772"]
[BlackElo "1580"]
[PlyCount "92"]
[EventDate "2002.03.23"]
[EventType "swiss"]
[EventRounds "7"]
[EventCountry "GER"]
[SourceTitle "EXT 2003"]
[Source "ChessBase"]
[SourceDate "2002.11.25"]
[SourceVersion "1"]
[SourceVersionDate "2002.11.25"]
[SourceQuality "1"]

1. e4 c5 2. Nf3 Nc6 3. d4 cxd4 4. Nxd4 e6 5. Nc3 a6 6. Be2 Nge7 7. Be3 d5 8. exd5 Nxd5 9. Nxd5 Qxd5 10. Bf3 Qa5+ 11. c3 Bd7 12. Qb3 Qc7 13. 0-0 Be7 14. Rad1 0-0 15. Rd2 Na5 16. Qd1 Nc4 17. Re2 Nxe3 18. Rxe3 Rad8 19. Qc2 Bc5 20. Rd1 e5 21. Be4 g6 22. b4 exd4 23. cxd4 Bd6 24. Qxc7 Bxc7 25. Bxb7 Ba4 26. Rdd3 Bb5 27. Rc3 Rxd4 28. g3 Bb6 29. Re7 Rd1+ 30. Kg2 Bf1+ 31. Kf3 Rd2 32. Rc6 Rxf2+ 33. Kg4 f5+ 34. Kg5 Bd8 35. Rce6 Bxe7+ 36. Rxe7 Bc4 37. h4 Rf7 38. Re8+ Kg7 39. h5 h6+ 40. Kh4 g5+ 41. Kh3 Bf1+ 42. Bg2 g4+ 43. Kh2 Rxg2+ 44. Kh1 Rxg3 45. Re6 Rf6 46. Re7+ Kf8 0-1

[Event "Rheinland-ch H1"]
[Site "Mainz Laubenheim"]
[Date "2002.03.24"]
[Round "4.8"]
[White "Girg, Rolf"]
[Black "Schilling, Christian"]
[Result "1-0"]
[WhiteElo "1751"]
[BlackElo "1580"]
[PlyCount "129"]
[EventDate "2002.03.23"]
[EventType "swiss"]
[EventRounds "7"]
[EventCountry "GER"]
[SourceTitle "EXT 2003"]
[Source "ChessBase"]
[SourceDate "2002.11.25"]
[SourceVersion "1"]
[SourceVersionDate "2002.11.25"]
[SourceQuality "1"]

1. d4 d5 2. c4 dxc4 3. g3 c5 4. Nf3 cxd4 5. Qa4+ Bd7 6. Qxc4 Nc6 7. Bg2 g6 8. Ng5 e6 9. 0-0 Bg7 10. Ne4 Qc7 11. Bd2 Nge7 12. Bb4 0-0 13. Bxe7 Rfe8 14. Nf6+ Bxf6 15. Bxf6 e5 16. Bd5 Be6 17. Bxe6 Rxe6 18. Bg5 Kg7 19. Na3 h6 20. Bd2 Qd7 21. Rac1 Rf6 22. b4 a6 23. Qd3 Qh3 24. Qe4 Rh8 25. Rc5 Rf5 26. Nc4 h5 27. Nd6 h4 28. Nxf5+ gxf5 29. Qg2 hxg3 30. Qxh3 gxf2+ 31. Rxf2 Rxh3 32. Rxf5 Ra3 33. Rc2 d3 34. exd3 Rxd3 35. Bc3 f6 36. a4 Kg6 37. Rf1 b5 38. axb5 axb5 39. Be1 Nd4 40. Rcf2 f5 41. Rg2+ Kh5 42. Rg8 f4 43. Rf2 f3 44. Re8 Re3 45. Kf1 Kg4 46. Rg8+ Kf5 47. h4 Re4 48. h5 Rh4 49. Bc3 Rxh5 50. Bxd4 Rh1+ 51. Rg1 Rxg1+ 52. Kxg1 exd4 53. Rxf3+ Ke4 54. Kf2 Kd5 55. Ke2 Kc4 56. Rd3 Kxb4 57. Rxd4+ Kc3 58. Rd7 b4 59. Kd1 Kb2 60. Rd2+ Kb1 61. Rd4 b3 62. Kd2 b2 63. Rb4 Ka2 64. Kc2 Ka1 65. Ra4# 1-0

[Event "SJRH-ch U18"]
[Site "Mainz"]
[Date "2002.01.05"]
[Round "7"]
[White "Schilling, Christian"]
[Black "Haller, Olaf"]
[Result "1/2-1/2"]
[WhiteElo "1562"]
[BlackElo "1703"]
[PlyCount "107"]
[EventDate "2002.01.02"]
[EventType "swiss"]
[EventRounds "7"]
[EventCountry "GER"]
[SourceTitle "EXT 2003"]
[Source "ChessBase"]
[SourceDate "2002.11.25"]
[SourceVersion "1"]
[SourceVersionDate "2002.11.25"]
[SourceQuality "1"]

1. Nf3 d5 2. c4 c6 3. e3 Nf6 4. d4 g6 5. Nc3 Bg7 6. b3 0-0 7. Bb2 Bf5 8. cxd5 Nxd5 9. Bd3 Bxd3 10. Qxd3 Nd7 11. Nxd5 cxd5 12. 0-0 Qa5 13. Rfc1 Rfc8 14. a3 e6 15. Rc2 Bf8 16. a4 Qd8 17. Rac1 Nb6 18. Kf1 Rxc2 19. Rxc2 Rc8 20. Ke2 Rc7 21. Kd2 Bd6 22. h3 Nd7 23. Rxc7 Qxc7 24. Qc3 Nf6 25. Qxc7 Bxc7 26. Ba3 Ne4+ 27. Ke2 Bd6 28. Bxd6 Nxd6 29. Nd2 Kf8 30. Kd3 Ke7 31. Kc3 Kd7 32. b4 a6 33. g3 h6 34. Kd3 f6 35. f3 Nf7 36. f4 Kd6 37. Nf3 Nd8 38. Nh4 g5 39. fxg5 hxg5 40. Ng6 Nc6 41. Kc3 Ne7 42. Nxe7 Kxe7 43. Kd3 Kf7 44. e4 Kg6 45. exd5 exd5 46. Ke2 Kf5 47. Ke3 b6 48. b5 a5 49. Kd3 Kg6 50. Ke2 Kh5 51. Kf2 Kh6 52. Ke3 Kh5 53. Kf2 Kh6 54. Ke2 1/2-1/2

[Event "SJRH-ch U18"]
[Site "Mainz"]
[Date "2002.01.02"]
[Round "2"]
[White "Kuehner, Christian"]
[Black "Schilling, Christian"]
[Result "1-0"]
[WhiteElo "2006"]
[BlackElo "1562"]
[PlyCount "113"]
[EventDate "2002.01.02"]
[EventType "swiss"]
[EventRounds "7"]
[EventCountry "GER"]
[SourceTitle "EXT 2003"]
[Source "ChessBase"]
[SourceDate "2002.11.25"]
[SourceVersion "1"]
[SourceVersionDate "2002.11.25"]
[SourceQuality "1"]

1. e4 c5 2. Nc3 Nc6 3. g3 g6 4. Bg2 Bg7 5. d3 d6 6. f4 e6 7. Nf3 Nge7 8. 0-0 b6 9. Ne2 Bb7 10. c3 d5 11. Be3 0-0 12. Qc2 Qc7 13. h3 f5 14. e5 Rad8 15. d4 c4 16. Bf2 b5 17. b4 Ra8 18. a4 a6 19. a5 Bh6 20. Ng5 Bxg5 21. fxg5 Kf7 22. h4 Ke8 23. Bf3 Kd7 24. Kg2 Rh8 25. Be3 Qd8 26. Rh1 Qg8 27. Rh2 Qg7 28. Qd2 Bc8 29. Rah1 Kc7 30. h5 Bd7 31. Nf4 Rag8 32. Rh3 Nd8 33. Kf1 Nf7 34. Ng2 Be8 35. Bf4 Kd8 36. Ne3 Bd7 37. Qg2 Bc6 38. g4 Kd7 39. gxf5 gxf5 40. Rg3 Kd8 41. Rg1 Kd7 42. g6 Nd8 43. h6 Qxg6 44. Rxg6 Nxg6 45. Qh2 Nxf4 46. Qxf4 Nf7 47. Rg7 Rxg7 48. hxg7 Rg8 49. Nxf5 h5 50. Bxh5 Ng5 51. Qxg5 Kc7 52. Ne7 Be8 53. Nxg8 Bf7 54. Bxf7 Kb7 55. Nh6 Kc8 56. g8Q+ Kb7 57. Qe7+ 1-0

[Event "SJRH-ch U18"]
[Site "Worms"]
[Date "2001.01.02"]
[Round "6"]
[White "Ambach, Eva Maria"]
[Black "Schilling, Christian"]
[Result "0-1"]
[WhiteElo "1408"]
[BlackElo "1256"]
[PlyCount "120"]
[EventDate "2001.01.02"]
[EventType "swiss"]
[EventRounds "7"]
[EventCountry "GER"]
[SourceTitle "EXT 2003"]
[Source "ChessBase"]
[SourceDate "2002.11.25"]
[SourceVersion "1"]
[SourceVersionDate "2002.11.25"]
[SourceQuality "1"]

1. e4 b6 2. d4 e6 3. Bd3 Bb7 4. Nf3 c5 5. c3 d5 6. exd5 Bxd5 7. Bb5+ Bc6 8. Bxc6+ Nxc6 9. Qa4 Qd7 10. Be3 cxd4 11. Nxd4 Nxd4 12. Qxd7+ Kxd7 13. Bxd4 f6 14. 0-0 e5 15. Be3 Ne7 16. Rd1+ Kc6 17. Nd2 Nf5 18. Nf1 Nxe3 19. Nxe3 Bc5 20. Nc2 Rad8 21. Rab1 Rd6 22. Rxd6+ Bxd6 23. Rd1 a5 24. Ne3 Rd8 25. Nf5 g6 26. Nxd6 Rxd6 27. Rxd6+ Kxd6 28. Kf1 Kd5 29. Ke2 f5 30. Kd3 e4+ 31. Ke3 Ke5 32. a4 g5 33. Kd2 f4 34. h3 h5 35. Ke2 Kd5 36. b3 Kc5 37. g3 h4 38. gxh4 gxh4 39. f3 e3 40. Kd3 b5 41. axb5 Kxb5 42. c4+ Kb4 43. Kc2 a4 44. bxa4 Kxc4 45. Kd1 Kb4 46. Kc2 Kxa4 47. Kd3 Kb3 48. Ke4 e2 49. Kxf4 e1Q 50. Kf5 Kc4 51. f4 Kd5 52. Kf6 Qe6+ 53. Kg5 Qxh3 54. f5 Qg3+ 55. Kh6 h3 56. f6 Qf4+ 57. Kg7 Qxf6+ 58. Kxf6 h2 59. Kg5 h1Q 60. Kf4 Qe4+ 0-1

[Event "SJRH-ch U18"]
[Site "Worms"]
[Date "2001.01.02"]
[Round "4"]
[White "Kern, Olaf"]
[Black "Schilling, Christian"]
[Result "1-0"]
[WhiteElo "1417"]
[BlackElo "1256"]
[PlyCount "120"]
[EventDate "2001.01.02"]
[EventType "swiss"]
[EventRounds "7"]
[EventCountry "GER"]
[SourceTitle "EXT 2003"]
[Source "ChessBase"]
[SourceDate "2002.11.25"]
[SourceVersion "1"]
[SourceVersionDate "2002.11.25"]
[SourceQuality "1"]

1. e4 b6 2. d4 e6 3. Bc4 Bb7 4. Qe2 d5 5. exd5 Bxd5 6. Bxd5 Qxd5 7. Nf3 Nf6 8. Nc3 Bb4 9. Bd2 Bxc3 10. Bxc3 Nbd7 11. 0-0 0-0 12. Rad1 Rfd8 13. b3 c5 14. Ba1 Rac8 15. c4 Qd6 16. Rd2 Qe7 17. d5 Re8 18. Re1 Qd8 19. d6 Rb8 20. Qd3 Rb7 21. Bxf6 Qxf6 22. Qe4 Rbb8 23. Qc6 Qd8 24. Qc7 Qc8 25. Qxa7 Ra8 26. Qc7 Rb8 27. Ne5 Rb7 28. Qxc8 Rxc8 29. f4 Kf8 30. Kf2 f6 31. Nxd7+ Rxd7 32. Kf3 Kf7 33. Ke4 Rf8 34. Re3 Re8 35. a3 Rc8 36. Rc3 Rc6 37. Rcd3 Rc8 38. g4 h6 39. f5 Rc6 40. Kf4 Rd8 41. fxe6+ Kxe6 42. Re2+ Kf7 43. Red2 Rd7 44. Ke4 Ke6 45. h4 g6 46. Rd5 Rcxd6 47. Rxd6+ Rxd6 48. Rxd6+ Kxd6 49. h5 gxh5 50. gxh5 Ke6 51. b4 f5+ 52. Kf4 Kf6 53. bxc5 bxc5 54. a4 Ke6 55. a5 Kd6 56. Kxf5 Kc6 57. Ke6 Kb7 58. Kd5 Ka6 59. Kxc5 Kxa5 60. Kd6 Kb6 1-0

[Event "SJRH-ch U18"]
[Site "Worms"]
[Date "2001.01.02"]
[Round "7"]
[White "Schilling, Christian"]
[Black "Hendrich, Daniel"]
[Result "1/2-1/2"]
[WhiteElo "1256"]
[BlackElo "1498"]
[PlyCount "38"]
[EventDate "2001.01.02"]
[EventType "swiss"]
[EventRounds "7"]
[EventCountry "GER"]
[SourceTitle "EXT 2003"]
[Source "ChessBase"]
[SourceDate "2002.11.25"]
[SourceVersion "1"]
[SourceVersionDate "2002.11.25"]
[SourceQuality "1"]

1. Nf3 Nf6 2. c4 e6 3. b3 Be7 4. d4 d5 5. e3 0-0 6. Bb2 c5 7. Nbd2 b6 8. g3 Bb7 9. Bg2 Qc7 10. 0-0 Nbd7 11. Rc1 dxc4 12. Nxc4 Rfd8 13. Qc2 Rac8 14. Ncd2 Nd5 15. a3 cxd4 16. Qxc7 Rxc7 17. Rxc7 Nxc7 18. Nxd4 Bxg2 19. Kxg2 Nc5 1/2-1/2

[Event "SJRH-ch U18"]
[Site "Worms"]
[Date "2001.01.02"]
[Round "5"]
[White "Schilling, Christian"]
[Black "Walther, Thomas"]
[Result "1-0"]
[WhiteElo "1256"]
[BlackElo "1232"]
[PlyCount "98"]
[EventDate "2001.01.02"]
[EventType "swiss"]
[EventRounds "7"]
[EventCountry "GER"]
[SourceTitle "EXT 2003"]
[Source "ChessBase"]
[SourceDate "2002.11.25"]
[SourceVersion "1"]
[SourceVersionDate "2002.11.25"]
[SourceQuality "1"]

1. Nf3 d6 2. d4 g6 3. b3 Bg7 4. Bb2 Nf6 5. Nbd2 Bg4 6. g3 Nbd7 7. Bg2 0-0 8. 0-0 Re8 9. Re1 e5 10. h3 Bf5 11. e4 Be6 12. d5 Bxd5 13. exd5 Nxd5 14. c4 Nb4 15. Ne4 Nf6 16. Nxf6+ Bxf6 17. Qd2 a5 18. Nh2 Bg5 19. f4 Bf6 20. Ng4 Bg7 21. fxe5 dxe5 22. Qxd8 Raxd8 23. Bxe5 Nc2 24. Rac1 Nxe1 25. Rxe1 Bxe5 26. Rxe5 b6 27. Rxe8+ Rxe8 28. Nf6+ Kf8 29. Nxe8 Kxe8 30. Kf2 Ke7 31. Ke3 Kd6 32. Kd4 f5 33. Bd5 c6 34. Bg8 h6 35. Bh7 c5+ 36. Ke3 Ke5 37. Bxg6 a4 38. Be8 axb3 39. axb3 Ke6 40. Kf4 Kf6 41. Bd7 Kg6 42. Bxf5+ Kf6 43. h4 Kf7 44. Ke5 Kg7 45. g4 Kf7 46. g5 Kg7 47. Kd6 Kf7 48. Kc6 Ke7 49. Kxb6 Kd6 1-0